LEADER 01508nam a2200253 i 4500 001 000000184985 003 CaOOAMICUS 005 20100122000000.0 008 100122s1947 xxu u000 u eng u 013 $a162973 040 $aSeMil$bita 100 1 $aNewman, John Henry,$c.$0(OLS)http://semarc/name/1226 245 14$aThe idea of university defined and illustrated :$b1. in nine Discourses delivered to the Catholics of Dublin, 2. in occasional Lectures and Essays addressed to the Members of the catholic University /$cJohn Henry Newman. 250 $aNew edition. 260 $aNew York [etc.] :$bLongmans, Green and Co.,$c1947. 300 $axxxviii, 413 p. ;$c21 cm. 650 4$aUniversità cattoliche.$0(OLS)http://semarc/subject/5692 650 4$aGran Bretagna - Istruzione superiore - Storia - Sec. 19.$0(OLS)http://semarc/subject/15975 700 1 $aHarrold, Charles Frederick <1897-1948>.$0(OLS)http://semarc/name/67948 773 0 $tCardinal Newman's works.$dNew York [etc.] : Longmans, Green and Co., 1901.$w()22790 850 $aSeMil 852 $aSeMil$W1$xVenegono$y1$m2X I 182$j135676$B135676$CSeMilBibl$Z2$F147218 $81 996 $6245$aThe idea of university defined and illustrated :$b1. in nine Discourses delivered to the Catholics of Dublin, 2. in occasional Lectures and Essays addressed to the Members of the catholic University$9(OLS)http://semarc/title/265664 996 $6260$aNew York [etc.] :$bLongmans, Green and Co.$9(OLS)http://semarc/publisher/35766 LEADER 01356nam a2200313 i 4500 001 000000125569 003 CaOOAMICUS 005 20051109000000.0 008 051109s1955 it u000 u mul u 013 $a98270 040 $aSeMil$bita 100 1 $aLowell, Robert <1917-1977>.$0(OLS)http://semarc/name/18534 245 10$aPoesie :$b1943-1952 /$cRobert Lowell. 246 01$aPoems : 1943-1952 260 $aFirenze :$bSansoni,$cstampa 1955. 260 $aFirenze :$bFussi,$cstampa 1955. 300 $a99 p. ;$c17 cm. 490 0 $aIl melagrano : scritti rari e rappresentativi di poesia e pensiero in versioni d'arte con testo a fronte ;$v144.-145 500 $aContiene : Nota bibliografica. - Doppio frontespizio. - Testo in inglese a fronte. - Fondo Ciprandi. 650 4$aPoesia.$0(OLS)http://semarc/subject/5458 830 3$aIl melagrano ;$v144.-145.$0(OLS)http://semarc/title/41034 850 $aSeMil 852 $aSeMil$W1$xVenegono$y1$m1V I 113$j79998$B79998$CSeMilBibl$Z2$F105453 $81 941 1 $a1 961 $aOmaggio: Ciprandi dott. Paolo 996 $6245$aPoesie :$b1943-1952$9(OLS)http://semarc/title/184936 996 $6246$aPoems : 1943-1952$9(OLS)http://semarc/title/184937 996 $6260$aFirenze :$bFussi$9(OLS)http://semarc/publisher/33972 996 $6260$aFirenze :$bSansoni$9(OLS)http://semarc/publisher/29843